Sole il Primo /
Enregistré dans:
| Auteur principal: | |
|---|---|
| Autres auteurs: | |
| Format: | Livre |
| Langue: | italien grec |
| Publié: |
Milano :
Guanda,
1980
|
| Édition: | 2. ed |
| Collection: | Quaderni della Fenice ;
58 |
| Tags: |
Pas de tags, Soyez le premier à ajouter un tag!
|
MARC
| LEADER | 00000nam a22000007i 4500 | ||
|---|---|---|---|
| 001 | IT\ICCU\MIL\0202064 | ||
| 003 | ItRI | ||
| 005 | 20250805161903.0 | ||
| 008 | 940512s1980 it |||||| ||||| |||||c | ||
| 040 | |b ita |c Arcigay Viterbo | ||
| 041 | 7 | |a ita |a gre |2 ISO-639-2 | |
| 082 | |a 889.13 |2 21 | ||
| 100 | 1 | |a Elytēs, Odysseus |0 IT\ICCU\CFIV\072391 |4 aut | |
| 240 | 1 | 0 | |a Helios ho protos . |9 Elytēs, Odysseus |
| 245 | 1 | 0 | |a Sole il Primo / |c Odisseo Elitis ; a cura di Nicola Crocetti. |
| 250 | |a 2. ed | ||
| 260 | |a Milano : |b Guanda, |c 1980 | ||
| 300 | |a 87 p. ; |c 21 cm | ||
| 500 | |a Testo greco a fronte. | ||
| 700 | 1 | |a Crocetti, Nicola |0 IT\ICCU\CFIV\031206 | |
| 830 | 0 | |a Quaderni della Fenice ; |v 58 |0 IT\ICCU\CFI\0007821 | |
| 942 | |2 ddc |c BK |n 0 | ||
| 952 | |0 0 |1 0 |2 ddc |4 0 |6 889_130000000000000_ELI_SOL |7 0 |9 9451 |a VT |b VT |d 2025-08-05 |e Donazione Maurizio Gregorini |i B123 |l 0 |o 889.13 ELI SOL |p B123 |r 2025-08-05 16:23:55 |w 2025-08-05 |y BK | ||
| 981 | 1 | |6 z01 |a i |b xxxe | |
| 982 | 1 | |6 z01 |a n | |
| 999 | |c 7887 |d 7887 | ||